| 000 | 00767nam a22002057a 4500 | ||
|---|---|---|---|
| 999 |
_c19562 _d19562 |
||
| 003 | AR-CdUCM | ||
| 008 | 190518b ||||| |||| 00| 0 spa d | ||
| 040 |
_aMUNICIPALIDAD PROVINCIAL DEL CUSCO _cBIBLIOTECA MUNICIPAL DEL CUSCO |
||
| 082 |
_a808 / _bH97 |
||
| 100 |
_aHusson, Patrick _915235 |
||
| 245 |
_aDe la guerra a la rebelión : _bHuanta, siglo XIX / |
||
| 260 |
_aLima : _bCentro de estudios regionales andinos Bartolome de las casas, _c1992. |
||
| 300 |
_a246 paginas ; _c25 cm. |
||
| 505 | _aContenido: Cronica de guerra -- El efecto coyuntura -- El efecto estructura -- Interpretaciones -- La revuelta de la sal... | ||
| 650 |
_aGuerra _91007 |
||
| 650 |
_aRebelión _93924 |
||
| 650 |
_aHuanta _940975 |
||
| 942 |
_2ddc _cLIBROS |
||
| 945 |
_apjha _d201905-18 |
||